00576nam a2200181Ia 4500008004100000020001500041050001400056100002400070245003400094245005400128260001700182260002400199260000900223300001500232300002500247999001900272952010300291180207s9999 xx 000 0 und d a1880599015 bC678 1995 aCohen, Judith Love. aYou can be a woman engineer / cJudith Love Cohen ; illustrated by David A. Katz. aCalofornia : bCascade Pass, Inc., c1995 a38 pages : bcolor illustration ; c355245d355245 001040aSSISMbSSISMd2018-02-07l0oER C678 1995pSSISM4790r2018-02-07 00:00:00w2018-02-07yBK